Longman student grammar of spoken and written english: workbook
-д хадгалсан:
| Үндсэн зохиолчид: | , , |
|---|---|
| Формат: | Ном |
| Хэл сонгох: | англи |
| Хэвлэсэн: |
Essex
Pearson Education
2002
|
| Нөхцлүүд: | |
| Шошгууд: |
Шошго нэмэх
Шошго байхгүй, Энэхүү баримтыг шошголох эхний хүн болох!
|
MARC
| LEADER | 00000nam a2200000 a 4500 | ||
|---|---|---|---|
| 001 | UCL4580 | ||
| 003 | CL-VaPUC | ||
| 008 | 040116e20020000uk |||||||||||||||||eng|d | ||
| 020 | |a 0582539420 | ||
| 082 | 0 | 4 | |a 428.2 |b CON |2 21 |
| 100 | 0 | |a Conrad, Susan |e author |9 482168 | |
| 700 | 0 | |a Biber, Douglas |e author |9 482169 | |
| 700 | |a Leech, Geoffrey N |e author |9 464882 | ||
| 245 | 1 | 0 | |a Longman student grammar of spoken and written english: workbook |
| 300 | |a 140 p | ||
| 942 | |c BK | ||
| 945 | |d 20040116 00:00:00 |a cmena | ||
| 260 | |a Essex |b Pearson Education |c 2002 | ||
| 650 | 0 | |a Gramática |9 270497 | |
| 650 | 0 | |a Inglés |9 260023 | |
| 650 | 0 | |a Educación lingüística |9 306506 | |
| 583 | |a last modification |c 20171204 01:40:04 |k Rodrigo Vera | ||
| 999 | |c 307402 |d 307400 | ||
| 952 | |0 0 |1 0 |4 0 |6 428_200000000000000_CON_2002 |7 0 |8 A |9 373345 |a FDOPOS |b FDOPOS |d 2019-11-21 |i 3983943 |o 428.2 CON 2002 |p 3983943 |r 2025-01-22 |w 2019-11-21 |y BK |k MLA | ||